Tilastot visalle Mikä Sveitsin kaupunki?

Klikkaa tästä pelataksesi tätä visaa!

Yleistilastot

  • Tätä visaa on pelattu 21 kertaa
    (20 viimeisimmän päivityksen jälkeen)
  • Keskiarvotulos 8 / 18

Vastaustilastot

kuvauskirjainkaupunki% Oikein
Sveitsin pääkaupunki (de facto)BBern
100%
Sveitsin väkiluvultaan suurin kaupunkiZZürich
100%
Täällä sijaitsee useiden kansainvälisten järjestöjen (kuten Punaisen ristin sekä YK:n monien erityisjärjestöjen) päämajaGGeneve
89%
Reinin rannalla, sekä Saksan että Ranskan rajallaBBasel
72%
Maailman talousfoorumi kokoontuu täällä vuosittainDDavos
72%
Kansainvälinen olympiakomitea pitää täällä päämajaansaLLausanne
72%
Suurin italiankielinen kaupunkiLLugano
44%
Isännöi talviolympialaisiaSSt. Moritz
44%
Hiihtokeskus Matterhornin juurellaZZermatt
33%
Filmifestivaaleistaan tunnettu italiankielinen kaupunki LLocarno
28%
Munkki Galluksen perustamaSSt. Gallen
28%
Monet kuuluisuudet ovat viettäneet lomaansa tässä talviurheilukeskuksessa Bernin AlpeillaGGstaad
22%
Täällä on Euroopan vanhin puusilta Kapellbrücke 1300-luvultaLLuzern
22%
Muistetaan jazzfestivaalista ja Kultaisesta ruusustaMMontreux
22%
On antanut nimensä juustolle - jossa ei ole reikiäGGruyères
17%
Preussi hallitsi tätä ranskankielistä kaupunkia vuoteen 1848 astiNNeuchâtel
17%
Kaksikielinen kaupunki, jolla on nimikaima SaksassaFFribourg
11%
Kahden järven välissä - kuten sen nimikin sanooIInterlaken
11%

Tulosjakauma

Persentiili vastausten määrän mukaan

Jokaisen tuloksen saaneiden osuus

Tuloshistoriasi

Et ole pelannut tätä visaa sen viimeisimmän päivityksen jälkeen